00328nam a2200145Ia 4500003000400000005001700004008004100021020001800062040002600080100001500106245002400121260002000145260000900165300000800174OSt20240321104530.0170523s9999 xx 000 0 und d a9788171793846 cIIMT UNIVERSIY MEERUT aGupta- L.C 0aManual of First Aid aJaypee Brothers c2012 a441